| 000 | 00700nam a2200229Ia 4500 | ||
|---|---|---|---|
| 005 | 20230717161209.0 | ||
| 008 | 230616t1999||||xx |||||||||||||| ||und|| | ||
| 020 | _a8979032448 | ||
| 040 |
_aODONTO _bspa _cODONTO _dODONTO |
||
| 041 | _aspa | ||
| 082 | _aR 611.0182 B789 | ||
| 100 | 1 |
_aBoya Vegue, Jesús _95181 |
|
| 245 | 0 |
_aAtlas de histología y organografía microscópica / _cJesús Boya Vegue. |
|
| 260 |
_aMadrid : _bMédica Panamericana, _c1999. |
||
| 300 |
_a418 p. : _bil. ; _c28 cm. |
||
| 650 | 0 | 2 |
_aTejidos _9460 |
| 650 | 0 | 2 |
_aCélulas _91958 |
| 650 | 0 | 2 |
_aPatología _9474 |
| 650 | 0 | 2 |
_aHistología _9458 |
| 942 |
_aBiblioteca de Odontología _cREF _kR 611.0182 B789 _2ddc |
||
| 999 |
_c1765 _d1765 |
||